01009cam a2200277 a 450000100100000000500170001000800410002702000150006804000250008308200230010810000370013124500870016825000120025526000320026730000210029949000280032065000270034865000310037560000680040670000450047483000360051991000280055591000070058395201260059099900150071600000551620200929151710.0790723s1990 sp 001 0 spa  a8437601797 aDO-SdBNPbspacBNPHU a862.6bM636t, 19901 aMihura, Miguel.d1905-19779353510aTres sombreros de copa /cMiguel Mihura ; edición de Jorge Rodríguez Padrón. a15a ed. aMadrid :bCátedra,c1990. a152 p. ;c18 cm.1 aLetras hispánicasv97 4aTeatro español93071 4aLiteratura española963214aMIHURA, MIGUEL,d1905-1977xCRÍTICA E INTERPRETACIÓN9156201 aRodríguez Padrón, Jorge,eed.915621 0aLetras hispánicas ;v9794208 aCatalogación derivada aWM 001052708MOaGRbGRcHDd2009-08-19iLF1l0o862.6 M636t, 1990p5516-10r2020-06-25w2020-06-25y2ZPréstamo interno c5315d5315